[Event "Zalakaros op"]
[Site "Zalakaros"]
[Date "1995.??.??"]
[Round "2"]
[White "Gyorkos, Lajos"]
[Black "Forgo, Eva"]
[Result "1/2-1/2"]
[WhiteElo "2405"]
[BlackElo "2250"]

1.Nf3 d5 2.g3 Nf6 3.Bg2 Bf5 4.O-O h6 5.d3 e6 6.c4 c6 7.cxd5 exd5 8.Qb3 Qb6
9.Qc2 Be7 10.Nc3 Nbd7 11.e4 dxe4 12.dxe4 Bh7 13.Be3 Qa5 14.a3 O-O 15.b4 Qd8
16.Rad1 a5 17.Qb3 axb4 18.axb4 Qe8 19.e5 Ne4 20.Nxe4 Bxe4 21.e6 Nf6 22.Ne5 Bg6
23.Nd7 Nxd7 24.exd7 Qd8 25.Bc5 Bf5 26.Rfe1 Be6 27.Rxe6 Bxc5 28.Re8 Qb6 29.Rxa8 Bxf2+
30.Kf1 Rxa8 31.d8=Q+ Rxd8 32.Rxd8+ Qxd8 33.Kxf2 Qd2+ 34.Kg1 Qd4+ 35.Kf1 Qa1+
36.Kf2 Qd4+ 37.Kf3 Qf6+ 38.Ke2 Qe5+ 39.Kd3 Qd6+ 40.Kc2 Qd4 41.Qc3 Qg1 42.Be4 Qxh2+
43.Kb3 Qe2 44.Qd4 g6 45.Bd3 Qf3 46.Qd6 Qd1+ 47.Kc4 Qc1+ 48.Kd4 Qg1+ 49.Kc3 Qe1+
50.Kc2 Qf2+ 51.Kb3 Qe3 52.Kc2 Qf2+ 53.Kd1 Qf3+ 54.Kd2 Qf2+ 55.Be2 Kg7 56.g4 Qf6
57.Qc5 Qf4+ 58.Kd3 Qg3+ 59.Kc2 Qf4 60.Kb3 Qe4 61.Qc3+ Kg8 62.Bf3 Qe6+ 63.Kb2 Qd6
64.Ka3 Qe6 65.Qd4 Kh7 66.Bd1 Qe7 67.Bb3 Kg8 68.Ka4 Kh7 69.Qc5 Qd7 70.Ka3 Kg8
71.Qe3 Kh7 72.Qf4 Kg7 73.Qe5+ f6 74.Qb8 h5 75.gxh5 gxh5 76.Qg3+ Kh6 77.Bc2 f5
78.Qb8 Kg5 79.Qg3+ Kf6 80.Qf3 Kg5 81.Bd1 Qe8 82.Qg3+ Kh6 83.Bc2 Qe6 84.Qf3 Kg5
85.Qg2+ Kh6 86.Qd2+ Kg6 87.Qf4 Qf6 88.Qg3+ Kh6 89.Qf4+ Kg6 90.Ka2 Qg5 91.Qd6+ Qf6
92.Qb8 Qf7+ 93.Bb3 Qg7 94.Qd6+ Kg5 95.Qg3+ Kf6 96.Qh4+  1/2-1/2

[Event "Zalakaros op"]
[Site "Zalakaros"]
[Date "1995.??.??"]
[Round "3"]
[White "Kustar, Sandor"]
[Black "Turzo, Attila"]
[Result "1-0"]
[WhiteElo "2435"]
[BlackElo "2265"]

1.Nf3 d5 2.g3 c6 3.Bg2 Bg4 4.d3 Nd7 5.Nbd2 Ngf6 6.h3 Bh5 7.b3 e6 8.Bb2 Be7
9.O-O O-O 10.g4 Bg6 11.Nh4 a5 12.a3 b5 13.c4 Qb6 14.Rb1 Rfc8 15.Nxg6 hxg6
16.e3 Rab8 17.Qe2 Qa6 18.Rfc1 bxc4 19.dxc4 Nc5 20.Be5 Rb7 21.Bf1 Ncd7 22.Bxf6 Nxf6
23.cxd5 Qxe2 24.Bxe2 Rd7 25.Rxc6 Rxc6 26.dxc6 Rc7 27.Bb5 Bxa3 28.Nc4 Bb4
29.Nb6 Ne4 30.Rd1 Nd6 31.Ba4 Kf8 32.h4 Ke7 33.Kg2 Ne4 34.Na8 Nc3 35.Rd4 Rc8
36.Rd7+ Ke8 37.Nb6 Nxa4 38.Nxc8 Nc5 39.Nd6+ Kf8 40.Rxf7+ Kg8 41.c7  1-0

[Event "Zalakaros op"]
[Site "Zalakaros"]
[Date "1995.??.??"]
[Round "4"]
[White "Fekete, Albert"]
[Black "Csonka, Attila"]
[Result "1-0"]
[WhiteElo "2265"]
[BlackElo "2020"]

1.Nf3 d5 2.g3 g6 3.Bg2 Bg7 4.O-O e5 5.d3 Ne7 6.e4 O-O 7.Bg5 Be6 8.exd5 Bxd5
9.Nc3 Bc6 10.Qd2 Nd7 11.Rfe1 f6 12.Bh6 Nb6 13.Bxg7 Kxg7 14.Rad1 Nf5 15.Ne4 Bxe4
16.Rxe4 c5 17.Bh3 Nd4 18.Nxd4 cxd4 19.Rde1 Nd5 20.Bg2 Qd6 21.c4 dxc3 22.bxc3 Rac8
23.c4 Nb6 24.Qe3 Rf7 25.Bh3 Rfc7 26.Rh4 Re7 27.Rb1 Qc5 28.Qh6+ Kg8 29.Rb5 Qd6
30.c5 Rxc5 31.Rxc5 Qxc5 32.Be6+ Rxe6 33.Qxh7+ Kf8 34.Qh8+ Ke7 35.Rh7+ Kd6
36.Qd8+ Kc6 37.Rc7+ Kb5 38.Rxc5+ Kxc5 39.Qc7+ Kd4 40.Qf7  1-0

[Event "Zalakaros op"]
[Site "Zalakaros"]
[Date "1995.??.??"]
[Round "7"]
[White "Kahn, Evarth"]
[Black "Volkmann, Friedrich"]
[Result "1-0"]
[WhiteElo "2400"]
[BlackElo "2305"]

1.Nf3 d5 2.g3 Nc6 3.d4 Bg4 4.Ne5 Nxe5 5.dxe5 Qd7 6.Bg2 O-O-O 7.Qd4 Kb8 8.Be3 b6
9.a4 c5 10.Qd2 e6 11.a5 b5 12.a6 d4 13.Ra5 Kc7 14.Bf4 b4 15.Qd3 Kb6 16.Nd2 Kxa5
17.Nc4+ Kxa6 18.Kd2 Qa4 19.Ra1  1-0

[Event "Zaragoza op-A"]
[Site "Zaragoza"]
[Date "1995.??.??"]
[Round "5"]
[White "Giorgadze, Giorgi"]
[Black "Korneev, Oleg"]
[Result "1/2-1/2"]
[WhiteElo "2590"]
[BlackElo "2540"]

1.Nf3 d5 2.g3 Nf6 3.Bg2 Bf5 4.O-O e6 5.d3 Be7 6.Nbd2 h6 7.Ne5 O-O 8.e4 Bh7
9.Qe2 c5 10.f4 Nbd7 11.Nxd7 Qxd7 12.Kh1 Rad8 13.e5 Ne8 14.Nf3 Nc7 15.Be3 d4
16.Bg1 Nd5 17.Nd2 b5 18.Ne4 a5 19.g4 a4 20.Qf3 f5 21.exf6 Nxf6 22.Qg3 Nxe4
23.dxe4 Qc7 24.Qf2 c4 25.Rad1 Bg5 26.f5 Be3 27.Qh4 Bxg1 28.Rxg1 Qe5 29.Rd2 Qf4
30.Rf2 Qg5 31.Qg3 h5 32.Qe5 hxg4 33.Qxe6+ Kh8 34.Qe5 d3 35.cxd3 cxd3 36.Rd1 Qe3
37.Qg3 Qxg3 38.hxg3 Bg8 39.Bf1 Bc4 40.b3 axb3 41.axb3 Bxb3 42.Rxd3 Bc4 43.Rxd8 Rxd8
44.Bxc4 bxc4 45.Rc2 Rd4 46.e5 Kg8 47.Kg2 Re4  1/2-1/2

[Event "Zaragoza op-A"]
[Site "Zaragoza"]
[Date "1995.??.??"]
[Round "5"]
[White "Damljanovic, Branko"]
[Black "Alvarez Ibarra, D Rafael"]
[Result "1/2-1/2"]
[WhiteElo "2575"]
[BlackElo "2440"]

1.Nf3 d5 2.g3 Bg4 3.Bg2 c6 4.b3 Nd7 5.Bb2 Ngf6 6.d3 e6 7.Nbd2 Bd6 8.O-O O-O
9.Qe1 Re8 10.h3 Bh5 11.e4 e5 12.Nh4 Nc5 13.a3 dxe4 14.dxe4 b5 15.Bf3 Bxf3
16.Nhxf3 Qb6 17.Kg2 Rad8 18.Rd1 Bc7 19.Qe2 Qb8 20.b4 Na4 21.Ba1 c5 22.c4 cxb4
23.axb4 bxc4 24.Qxc4 Nb6 25.Qc2 Qb7 26.Nb3 Nbd7 27.Nfd2 Rc8 28.Bc3 Bd6 29.Na5 Qb5
30.Ndc4 Bf8  1/2-1/2

[Event "Zuerich op"]
[Site "Zuerich"]
[Date "1995.??.??"]
[Round "5"]
[White "Horn, Pascal"]
[Black "Mottas, Christian"]
[Result "1-0"]
[WhiteElo "2245"]
[BlackElo "2190"]

1.Nf3 d5 2.g3 Nf6 3.Bg2 e6 4.O-O Be7 5.d3 b6 6.e4 dxe4 7.dxe4 Qxd1 8.Rxd1 Bb7
9.e5 Ne4 10.Nfd2 Nc5 11.Bxb7 Nxb7 12.f4 Nc6 13.Ne4 Nc5 14.Nf2 O-O 15.Be3 Nb4
16.Na3 Nd5 17.Bc1 Rfd8 18.Nb5 Nb4 19.Rxd8+ Rxd8 20.c3 Nbd3 21.Nd4 Nxf2 22.Kxf2 Na4
23.Nc6 Bc5+ 24.Ke2 Rd7 25.Nxa7 Bg1 26.h3 Bh2 27.g4 Nc5 28.Be3 Nd3 29.Kf3 g5
30.fxg5 Bxe5 31.Nc6 Bg7 32.Rb1 Ne5+ 33.Nxe5 Bxe5 34.c4 Rd8 35.b3 Kf8 36.Ke2 Ke7
37.Rd1 Rxd1 38.Kxd1 Bd6 39.a4 Bb4 40.Ke2 Kd6 41.Kf3 Kd7 42.Ke4 Kc6 43.Ke5 Be7
44.h4 Kd7 45.Bd2 c6 46.b4 Bd8 47.a5 bxa5 48.bxa5 Ke7 49.Bb4+ Kd7 50.a6  1-0

[Event "Zuerich op"]
[Site "Zuerich"]
[Date "1995.??.??"]
[Round "6"]
[White "Eidinger, Helmut"]
[Black "Moor, Olivier"]
[Result "1-0"]
[WhiteElo "2150"]
[BlackElo "2205"]

1.g3 d5 2.Nf3 Nf6 3.Bg2 c6 4.O-O Nbd7 5.d4 g6 6.Nbd2 Bg7 7.Re1 O-O 8.e4 dxe4
9.Nxe4 Nxe4 10.Rxe4 Nb6 11.Bg5 Be6 12.Qe2 h6 13.Rxe6 fxe6 14.Qxe6+ Kh7 15.Bxe7 Re8
16.Ng5+ hxg5 17.Qh3+ Kg8 18.Bxd8 Raxd8 19.c3 Re7 20.Qg4 Bf6 21.Be4 Kf7 22.Bc2 Rde8
23.Kf1 Nd5 24.h4  1-0

[Event "Aarhus-ch"]
[Site "Aarhus"]
[Date "1996.??.??"]
[Round "4"]
[White "Jacobsen, Bo"]
[Black "Pedersen, Nicolai Vesterbaek"]
[Result "0-1"]
[WhiteElo "2315"]
[BlackElo "2290"]

1.Nf3 d5 2.g3 c6 3.Bg2 Bg4 4.d3 Nd7 5.O-O e6 6.b3 Bd6 7.Bb2 Ngf6 8.Nbd2 O-O
9.h3 Bh5 10.Qe1 e5 11.Nh4 Re8 12.e4 Nc5 13.Nf5 Bc7 14.a3 a5 15.Rb1 Bg6 16.b4 axb4
17.axb4 dxe4 18.dxe4 Ncxe4 19.Nxg7 Qxd2 20.Nxe8 Rxe8  0-1

[Event "US op"]
[Site "Alexandria"]
[Date "1996.??.??"]
[Round "10"]
[White "Schwartzman, Gabriel"]
[Black "Reprintsev, Alexander"]
[Result "1-0"]
[WhiteElo "2510"]
[BlackElo "2400"]

1.Nf3 d5 2.g3 Nc6 3.d4 Bg4 4.Bg2 e6 5.O-O Nf6 6.c4 dxc4 7.Qa4 Bd6 8.Nc3 O-O
9.Qxc4 h6 10.Rd1 Qe7 11.a3 a6 12.Ne5 Nxe5 13.dxe5 Bxe5 14.Bxb7 Rad8 15.Be3 Rb8
16.Qc6 Bxc3 17.bxc3 Bxe2 18.Bc5 Qe8 19.Rd2 Bb5 20.Qxc7 Rxb7 21.Qxb7 Bc6 22.Qe7 Ne4
23.Qxf8+ Qxf8 24.Bxf8 Nxd2 25.Bd6 Nf3+ 26.Kf1 Nxh2+ 27.Ke2 Bb5+ 28.Ke3 Ng4+
29.Kd4 Nxf2 30.c4 Ba4 31.Rb1 f5 32.Rb8+ Kf7 33.Rb7+ Kg6 34.Be5 Ne4 35.Rxg7+ Kh5
36.Bf4 Be8 37.Rh7 Ng5 38.Bxg5 Kxg5 39.Ke5 Kg4 40.Rxh6 Kxg3 41.Rxe6  1-0

[Event "Donner mem op"]
[Site "Amsterdam"]
[Date "1996.??.??"]
[Round "1"]
[White "Norwood, David"]
[Black "Markus, John Raymond"]
[Result "1-0"]
[WhiteElo "2520"]
[BlackElo "2210"]

1.g3 d5 2.Nf3 Nf6 3.Bg2 c5 4.c4 e6 5.O-O Nc6 6.cxd5 exd5 7.d4 c4 8.Nc3 Be7
9.Bg5 O-O 10.b3 h6 11.Bxf6 Bxf6 12.e3 Qa5 13.Rc1 cxb3 14.Qxb3 Ne7 15.Ne1 Be6
16.Nd3 b6 17.Nf4 Rfd8 18.Nb5 Rac8 19.Nxe6 fxe6 20.Bh3 Nf5 21.Nc7 Kf7 22.Bxf5 exf5
23.Nxd5 Kg6 24.Nf4+ Kh7 25.Qf7 Rf8 26.Qg6+ Kh8 27.Rxc8 Rxc8 28.Nh5 Rf8 29.Rc1  1-0

[Event "Donner mem op"]
[Site "Amsterdam"]
[Date "1996.??.??"]
[Round "6"]
[White "Hartoch, Robert G"]
[Black "Kuijf, Marinus"]
[Result "1/2-1/2"]
[WhiteElo "2295"]
[BlackElo "2475"]

1.Nf3 d5 2.g3 Bg4 3.Bg2 Nd7 4.O-O c6 5.d3 Ngf6 6.Qe1 e5 7.e4 dxe4 8.dxe4 Bc5
9.Nbd2 O-O 10.h3 Bh5 11.Nb3 Bb6 12.a4 a5 13.Be3 Bxf3 14.Bxf3 Bxe3 15.Qxe3 Qb6
16.Qxb6 Nxb6 17.Nc5 Nc4 18.Rfd1 Nxb2 19.Rdb1 b6 20.Rxb2 bxc5 21.Rb6 Rfc8
22.Rab1  1/2-1/2

[Event "Antwerp op"]
[Site "Antwerp"]
[Date "1996.??.??"]
[Round "3"]
[White "Kogan, Artur"]
[Black "Oll, Lembit"]
[Result "1/2-1/2"]
[WhiteElo "2475"]
[BlackElo "2620"]

1.Nf3 d5 2.g3 c5 3.Bg2 Nc6 4.d4 Nf6 5.O-O cxd4 6.Nxd4 e6 7.c4 Bc5 8.Nxc6 bxc6
9.Qc2 Be7 10.Rd1 O-O 11.Nc3 Bb7 12.e4 Qc7 13.Bg5 Rfd8 14.exd5 cxd5 15.cxd5 Nxd5
16.Bxe7 Nxe7 17.Rxd8+ Rxd8 18.Rd1 Rxd1+ 19.Qxd1 Bxg2 20.Kxg2 Nc6 21.Ne4 h6
22.Qd6 Qxd6 23.Nxd6 Kf8 24.f4 e5 25.fxe5 Nxe5 26.b4 a6 27.Nb7 Nc6 28.a3 Ke7
29.Kf3 f5 30.Ke3 Ne5 31.Nc5 Nc4+ 32.Kf4 Kf6 33.a4 g5+ 34.Kf3 a5 35.bxa5  1/2-1/2

[Event "Antwerp op"]
[Site "Antwerp"]
[Date "1996.??.??"]
[Round "3"]
[White "Piket, Jeroen"]
[Black "Jonkman, Harmen"]
[Result "1-0"]
[WhiteElo "2580"]
[BlackElo "2325"]

1.Nf3 d5 2.g3 Nf6 3.Bg2 e6 4.O-O Be7 5.d4 O-O 6.c4 dxc4 7.Qc2 a6 8.a4 Bd7
9.Rd1 Nc6 10.Ne5 Nxe5 11.dxe5 Nd5 12.Qxc4 c6 13.Qg4 f5 14.exf6 Nxf6 15.Qc4 Qa5
16.Nd2 Qh5 17.Nf3 Rad8 18.Bd2 Bc8 19.a5 Rd5 20.Bc3 Rfd8 21.Rd2 Kh8 22.Rad1 h6
23.h4 Kh7 24.Rd3 Rxd3 25.Rxd3 Rxd3 26.Qxd3+ Qf5 27.Qd4 Kg8 28.Nd2 Qc2 29.Bf3 Qf5
30.Qa7 Nd5 31.e4 Qf8 32.exd5 Bc5 33.Qb8 Bd6 34.Qa8 exd5 35.b4 g5 36.hxg5 hxg5
37.b5 axb5 38.a6 bxa6 39.Qxc6 g4  1-0

[Event "Ashkhabad"]
[Site "Ashkhabad"]
[Date "1996.??.??"]
[Round "4"]
[White "Safin, Shukhrat"]
[Black "Aliev, Kerim"]
[Result "1-0"]
[WhiteElo "2510"]
[BlackElo "2225"]

1.Nf3 d5 2.g3 Nf6 3.Bg2 c6 4.O-O g6 5.d3 Bg7 6.Nbd2 O-O 7.e4 dxe4 8.dxe4 Na6
9.Qe2 Nc5 10.e5 Nd5 11.Nb3 Nxb3 12.axb3 a5 13.Ra4 Nb4 14.Rd1 Qc7 15.c3 b5
16.Ra1 Nd5 17.Nd4 e6 18.Nf3 Bb7 19.h4 h6 20.h5 g5 21.Re1 a4 22.bxa4 bxa4
23.Qc2 Qa5 24.Re4 Nb6 25.Rg4 f5 26.exf6 Rxf6 27.Nxg5 hxg5 28.Bxg5 Raf8 29.Bxf6 Rxf6
30.Qd2 Kf7  1-0

[Event "Asti op"]
[Site "Asti"]
[Date "1996.??.??"]
[Round "?"]
[White "Malano, Francesco"]
[Black "Rossi, Giampiero"]
[Result "1/2-1/2"]
[WhiteElo "2080"]
[BlackElo "2105"]

1.Nf3 d5 2.g3 Nf6 3.Bg2 g6 4.b3 Bg7 5.Bb2 O-O 6.O-O c5 7.d3 Nc6 8.Nbd2 Qc7
9.e4 Rd8 10.exd5 Nxd5 11.Bxg7 Kxg7 12.Nc4 b6 13.Re1 Bb7 14.Qb1 Nf6 15.Qb2 Nd4
16.Ncd2 Kg8 17.Rad1 Bc6 18.Ne4 Nxe4 19.dxe4 Nxf3+ 20.Bxf3 f5 21.Be2 h6 22.exf5 gxf5
23.Qc1 Kg7 24.Bd3 Qd7 25.Bc4 Qb7 26.Rxd8 Rxd8 27.Re6 Rh8 28.Qe3 Be4 29.Qc3+ Kh7
30.Qe5 Re8 31.Bb5 Qd5 32.Rxe7+ Rxe7 33.Qxe7+ Kh8 34.Qe8+ Kg7 35.Qe7+ Kh8
36.Qe8+ Kg7  1/2-1/2

[Event "Asti op"]
[Site "Asti"]
[Date "1996.??.??"]
[Round "?"]
[White "Musso, Lucas"]
[Black "Malano, Francesco"]
[Result "0-1"]
[WhiteElo "2020"]
[BlackElo "2080"]

1.Nf3 d5 2.g3 c5 3.Bg2 Nc6 4.d3 e5 5.Nbd2 Nf6 6.O-O Be7 7.c4 e4 8.dxe4 dxe4
9.Ng5 e3 10.fxe3 h6 11.Ngf3 O-O 12.a3 Bf5 13.Nh4 Bh7 14.Nf5 Re8 15.Qb3 Rb8
16.Qc3 Bf8 17.e4 Ng4 18.h3 Bxf5 19.Rxf5 Nd4 20.Bf3 Ne5 21.Kf2 Nxf5 22.exf5 Nxf3
23.Nxf3 Qd1 24.e3 Rbd8 25.Qe1 Be7 26.Qxd1 Rxd1 27.Ke2 Rh1 28.h4 Bf6 29.g4 Bd4  0-1

[Event "Asti op"]
[Site "Asti"]
[Date "1996.??.??"]
[Round "?"]
[White "Musso, Lucas"]
[Black "Canelli, Daniele"]
[Result "0-1"]
[WhiteElo "2020"]
[BlackElo "2070"]

1.Nf3 d5 2.g3 Nc6 3.d4 Nf6 4.Bg2 Bf5 5.c3 e6 6.O-O Be7 7.Nbd2 h6 8.Re1 O-O
9.h3 Bh7 10.Nh2 Ne4 11.Nxe4 dxe4 12.Be3 Rb8 13.Qc2 f5 14.Rad1 Kh8 15.b4 Bg5
16.Bc1 Bxc1 17.Qxc1 Ne7 18.e3 Nd5 19.b5 Qe7 20.a3 c6 21.c4 Nf6 22.a4 Qb4
23.Qc2 a5 24.Rb1 Qd6 25.Qc3 Ra8 26.Red1 Bg8 27.Bf1 Rfc8 28.c5 Qc7 29.b6 Qe7
30.Bc4 Rd8 31.Nf1 Nd7 32.Nd2 Qf6 33.Nb3 Rdb8 34.Rbc1 e5 35.Bxg8 Kxg8 36.d5 Nf8
37.dxc6 bxc6 38.Rd6 Qg5 39.Qxe5 Re8 40.Qf4 Qh5 41.Nd4 Nh7 42.Qxf5 Ng5 43.Kg2 Rf8
44.Qg4 Rxf2+ 45.Kh1 Qf7 46.Rd7 Qa2 47.Nc2 Rxc2 48.Rxc2 Qxc2 49.Qd1 Qf2 50.b7 Rf8
51.Rd8 Rxd8 52.Qxd8+ Kh7 53.Qxg5 hxg5 54.b8=Q Qxe3 55.Qf8 Qc1+ 56.Kg2 Qc2+
57.Qf2 Qxf2+ 58.Kxf2 Kg6 59.Ke3 Kf5  0-1

[Event "GRE-chT"]
[Site "Athens"]
[Date "1996.??.??"]
[Round "3"]
[White "Nikolaidis, Ioannis"]
[Black "Karanikolas, Konstantinos"]
[Result "1-0"]
[WhiteElo "2585"]
[BlackElo "2290"]

1.Nf3 d5 2.g3 Bg4 3.Bg2 c6 4.O-O Nd7 5.d3 e6 6.Nbd2 Bd6 7.b3 Ne7 8.Bb2 O-O
9.Qe1 Qc7 10.e4 Ng6 11.h3 Bxf3 12.Nxf3 a5 13.a3 c5 14.Qc3 Nge5 15.Nh2 d4
16.Qd2 Nc6 17.a4 f5 18.f4 e5 19.Rae1 fxe4 20.Rxe4 Nf6 21.f5 Nxe4 22.Bxe4 Be7
23.Bc1 Nd8 24.Qg2 Rb8 25.g4 Nf7 26.g5 Nd6 27.Bd5+ Kh8 28.Qg4 Rbd8 29.Be6 Ne8
30.Nf3 Rd6 31.Bc4 Rb6 32.Nh4 Qd7 33.Qh5 g6 34.Qh6 e4 35.f6  1-0

[Event "GRE-ch"]
[Site "Athens"]
[Date "1996.??.??"]
[Round "4"]
[White "Nikolaidis, Ioannis"]
[Black "Kofidis, Andreas"]
[Result "1-0"]
[WhiteElo "2585"]
[BlackElo "2360"]

1.Nf3 d5 2.g3 c5 3.Bg2 Nc6 4.c4 Nf6 5.cxd5 Nxd5 6.Nc3 Nc7 7.O-O e5 8.d3 Be7
9.Nd2 Qd7 10.Nc4 f6 11.f4 exf4 12.gxf4 Rb8 13.a4 b6 14.f5 Bb7 15.Bf4 Nb4
16.Nb5 Nxb5 17.Bxb8 Bxg2 18.axb5 Bxf1 19.Qxf1 O-O 20.Rxa7 Qd4+ 21.Qf2 Qg4+
22.Bg3 Re8 23.Qe3 Kf8 24.h3 Qxh3 25.Qf3 g5 26.Nxb6 Nc2 27.Nd7+ Kg8 28.Bf2 Qh6
29.Qd5+ Kg7 30.Nxc5 g4 31.Ne6+  1-0

[Event "POL-chT"]
[Site "Augustow"]
[Date "1996.??.??"]
[Round "?"]
[White "Kiedrowicz, Jan"]
[Black "Nowak, Ignacy"]
[Result "1/2-1/2"]
[WhiteElo "2355"]
[BlackElo "2385"]

1.g3 d5 2.Nf3 c6 3.Bg2 Bg4 4.O-O Nd7 5.d3 Ngf6 6.b3 e6 7.Bb2 Be7 8.Nbd2 O-O
9.h3 Bh5 10.a3 a5 11.Ra2 Ne8 12.c4 Bf6 13.Bxf6 Nexf6 14.Qa1 Bxf3 15.Nxf3 Qe7
16.Rc1 Rfd8 17.Nd2 Ne8 18.Rb1 Nc7 19.Qb2 Ra7 20.Rc1 Rda8 21.Raa1 Ne8 22.Rc2 Qf6
23.d4 Qe7 24.e4 dxe4 25.Nxe4 Nef6 26.Nd2 Rd8 27.Nf3  1/2-1/2

[Event "POL-chT"]
[Site "Augustow"]
[Date "1996.??.??"]
[Round "?"]
[White "Erenska Radzewska, Hanna"]
[Black "Kaczorowska, Barbara"]
[Result "1/2-1/2"]
[WhiteElo "2215"]
[BlackElo "2200"]

1.Nf3 d5 2.g3 Nf6 3.d3 Bf5 4.c3 h6 5.Bg2 e6 6.O-O c6 7.Qb3 Qb6 8.Nd4 Bg6
9.Nd2 Nbd7 10.Qxb6 axb6 11.N4b3 b5 12.a3 Nc5 13.Nxc5  1/2-1/2

[Event "AUT-chT2O 9697"]
[Site "Austria"]
[Date "1996.??.??"]
[Round "?"]
[White "Pingitzer, Harald"]
[Black "Neubauer, Martin"]
[Result "0-1"]
[WhiteElo "2255"]
[BlackElo "2295"]

1.Nf3 d5 2.g3 c5 3.Bg2 Nc6 4.d4 Nf6 5.O-O e6 6.c4 Be7 7.cxd5 exd5 8.Nc3 O-O
9.Bg5 cxd4 10.Nxd4 h6 11.Be3 Re8 12.Rc1 Bg4 13.Nxc6 bxc6 14.Na4 Qd7 15.Nc5 Bxc5
16.Rxc5 Re6 17.Qc2 Rae8 18.Rc1 d4 19.Rd1 dxe3 20.f3 Rd6 21.Rxd6 Qxd6 22.fxg4 Qd2
23.Bf3 Qe1+ 24.Kg2 Qf2+ 25.Kh3 Nh7 26.Bxc6 Ng5+ 27.Rxg5 hxg5 28.Be4 g6 29.Qc6 Rf8
30.Bf3 Qf1+ 31.Bg2 Qxe2 32.Qb5 Qxb5  0-1

[Event "AUT-chT2O 9697"]
[Site "Austria"]
[Date "1996.??.??"]
[Round "1"]
[White "Jurek, Josef"]
[Black "Wadsack, Wolfgang"]
[Result "1/2-1/2"]
[WhiteElo "2345"]
[BlackElo "2220"]

1.Nf3 d5 2.g3 c6 3.Bg2 Bg4 4.b3 Nd7 5.Bb2 Ngf6 6.d3 e6 7.O-O Be7 8.Nbd2 Qc7
9.c4 O-O 10.Qc2 Rad8 11.a3 a5 12.Rab1 Rfe8 13.cxd5 exd5 14.b4 axb4 15.axb4 Bd6
16.e3 Ra8 17.Qb3 Ra6 18.Ra1 Rea8 19.Rxa6 Rxa6 20.Bd4 Qb8 21.b5 Ra3 22.Qb2 Qa8
23.e4 dxe4 24.dxe4 Ra2 25.Qb1 cxb5 26.e5 Bxe5 27.Bxe5 Nxe5 28.Nxe5 Rxd2 29.Nxg4 Nxg4
30.Qb4 Rxf2 31.Rxf2 Nxf2 32.Kxf2 Qa2+ 33.Kg1 Qa7+ 34.Kf1 Qa1+ 35.Qe1 Qf6+
36.Kg1 Qd4+ 37.Kh1 g6 38.Bf3 b4 39.Qd1 Qc3 40.Bd5 Kg7 41.Kg2 Qb2+ 42.Kg1 Qe5
43.Kf2 Qb2+ 44.Kg1 Qe5 45.Qd2 b6 46.Kg2 h5 47.h4 Kg8 48.Qd3 Kg7 49.Qf3 Qc7
50.Qe4 Qc3 51.Qf4 Qc2+ 52.Kh3 Qc8+ 53.Kg2 Qc2+ 54.Qf2 b3  1/2-1/2

[Event "AUT-chT9697"]
[Site "Austria"]
[Date "1996.??.??"]
[Round "1"]
[White "Ribli, Zoltan"]
[Black "Rabiega, Robert"]
[Result "1/2-1/2"]
[WhiteElo "2585"]
[BlackElo "2475"]

1.Nf3 d5 2.g3 c6 3.Bg2 Bg4 4.O-O Nd7 5.d4 e6 6.Nbd2 Ngf6 7.Re1 Be7 8.e4 dxe4
9.Nxe4 O-O 10.c3 a5 11.Nxf6+ Nxf6 12.Qb3 Ra7 13.a4 Nd5 14.Bd2 Qc7 15.Rac1 Rc8
16.h4 h6 17.Ne5 Bf5 18.Qd1 Bh7 19.Qg4 Bf6 20.Qf3 Raa8 21.Ng4 Be7 22.Bxh6 f5
23.Rxe6 fxg4 24.Qxg4 Bf6 25.Bg5 Re8 26.Rce1 Qf7 27.Bh3 Nc7 28.R6e3 Rxe3 29.Rxe3 Re8
30.h5 Rxe3 31.Bxe3  1/2-1/2

[Event "AUT-chT9697"]
[Site "Austria"]
[Date "1996.??.??"]
[Round "1"]
[White "Volkmann, Friedrich"]
[Black "Baumegger, Siegfried"]
[Result "1/2-1/2"]
[WhiteElo "2380"]
[BlackElo "2310"]

1.Nf3 d5 2.g3 c6 3.Bg2 Bg4 4.O-O Nd7 5.d4 Ngf6 6.Nbd2 e6 7.Re1 Be7 8.e4 O-O
9.e5 Ne8 10.c3 Nc7 11.h3 Bh5 12.Nf1 c5 13.g4 Bg6 14.Ng3 cxd4 15.cxd4 Na6
16.a3 Qc7 17.Bg5 Bxg5 18.Nxg5 Qc2 19.Qxc2 Bxc2 20.Rac1 Rac8 21.f4 Nb6 22.Bf1 Nb8
23.f5 h6 24.Nf3 a6 25.Nd2 Rc6 26.Kf2 Rfc8 27.fxe6 fxe6 28.Ne2 Bd3 29.Ke3 Rxc1
30.Nxc1 Bxf1 31.Rxf1 Nc4+ 32.Nxc4 Rxc4 33.Nb3 Nc6 34.Rc1 Na5 35.Rxc4 Nxc4+
36.Ke2 b6 37.Nc1 Nxb2 38.Na2 Nc4 39.a4 Kf7 40.h4 Ke7 41.Nb4 b5 42.axb5 axb5
43.Kd3 g6 44.Nc6+ Ke8 45.Nb4 Na5 46.Kc3 Kd7 47.Nd3 Nc6 48.Nb4 h5 49.gxh5 gxh5
50.Nd3 Ke7 51.Nb4 Kd7 52.Nd3 Ke8 53.Nf4 b4+ 54.Kb3 Kf7 55.Nxh5 Nxd4+ 56.Kxb4 Nf3
57.Nf4 Nxe5 58.Kc5 Ng6 59.Nxd5 Nxh4 60.Nf4 e5 61.Nd3 e4 62.Kd4  1/2-1/2

[Event "AUT-chT2O 9697"]
[Site "Austria"]
[Date "1996.??.??"]
[Round "1"]
[White "Baumgartner, Heinz"]
[Black "Gugler, Edgar"]
[Result "1/2-1/2"]
[WhiteElo "2265"]
[BlackElo "2265"]

1.Nf3 d5 2.g3 g6 3.Bg2 Bg7 4.d4 Nf6 5.c4 c6 6.Nc3 O-O 7.O-O Ne4 8.Qb3 Qb6
9.cxd5 Qxb3 10.axb3 Nxc3 11.bxc3 cxd5 12.Nd2 Rd8 13.e4 e5 14.exd5 exd4 15.cxd4 Nd7
16.Bb2 Nf6 17.Rfe1 Bd7 18.Nc4 Bb5 19.Ne3 Ne8 20.Rec1 Nd6 21.Nc4 Nf5 22.Rd1 Rac8
23.Rxa7 Bxc4 24.bxc4 Rxc4 25.Rxb7 Nxd4 26.Kf1 Nf5 27.Bxg7 Kxg7 28.Rb6 Rd4
29.Rxd4 Nxd4 30.Rb7 Nf5 31.Ke2 h5 32.Kd3 Ra8 33.Rb2 Ra4 34.Kc3 Kf6 35.Re2 Nd6
36.h4 Rc4+ 37.Kd3 Ra4 38.Bh3 Rb4 39.Bd7 Rb7 40.Bc6 Rb4 41.Ra2 Ke5 42.Ra7 Rb3+
43.Ke2 Rb2+ 44.Kf3 Kf6 45.Rd7 Nf5 46.Rd8 Ke7 47.Rd7+ Kf6 48.Rb7 Rd2 49.Ra7 Rc2
50.Be8 Nd6 51.Ra6 Ke5 52.Rxd6 Rc3+ 53.Ke2 Kxd6 54.Bxf7 Rc5 55.Ke3 Ke7 56.Bxg6 Rxd5
57.Kf4 Kf6 58.Be4 Rd2 59.f3 Rh2 60.Bc6 Rc2  1/2-1/2

[Event "AUT-chT2O 9697"]
[Site "Austria"]
[Date "1996.??.??"]
[Round "2"]
[White "Humer, Wolfgang"]
[Black "Rumpl, Erwin"]
[Result "1-0"]
[WhiteElo "2285"]
[BlackElo "2165"]

1.g3 d5 2.Nf3 Nf6 3.Bg2 Bf5 4.O-O c6 5.d4 Nbd7 6.c4 e6 7.Qb3 Qb6 8.Nc3 Bd6
9.c5 Qxb3 10.axb3 Bc7 11.b4 Ne4 12.Nd2 Ndf6 13.f3 Nxd2 14.Bxd2 Bc2 15.Ra3 e5
16.e3 O-O 17.Rfa1 a6 18.b5 exd4 19.exd4 cxb5 20.Nxb5 Rac8 21.Nxc7 Rxc7 22.Bf4 Rc6
23.Bh3 Nh5 24.Bd6 Rd8 25.Rc3 Bg6 26.Rb3 b5 27.Rba3  1-0

[Event "AUT-chT9697"]
[Site "Austria"]
[Date "1996.??.??"]
[Round "3"]
[White "Brod, Manfred"]
[Black "Feistenauer, Fred"]
[Result "1/2-1/2"]
[WhiteElo "2245"]
[BlackElo "2330"]

1.Nf3 d5 2.g3 Nc6 3.d4 Bg4 4.Bg2 Qd7 5.h3 Bf5 6.a3 O-O-O 7.Be3 f6 8.b4 Kb8
9.Nbd2 e5 10.b5 Nxd4 11.Bxd4 exd4 12.Nxd4 Be4 13.Nxe4 dxe4 14.Ne6 Qxd1+ 15.Rxd1 Rxd1+
16.Kxd1 Bxa3 17.Bxe4 g6 18.g4  1/2-1/2

[Event "AUT-chT2S 9697"]
[Site "Austria"]
[Date "1996.??.??"]
[Round "4"]
[White "Schroecker, Hans Peter"]
[Black "Meyer, Paul"]
[Result "0-1"]
[WhiteElo "2220"]
[BlackElo "2205"]

1.g3 d5 2.Nf3 c6 3.Bg2 Bg4 4.d3 Nd7 5.Nbd2 e5 6.O-O Bd6 7.e4 Ne7 8.h3 Bh5
9.Qe1 O-O 10.Nh4 f6 11.f4 exf4 12.gxf4 Qc7 13.Nb3 g5 14.Nf5 Nxf5 15.exf5 Rae8
16.Qg3 Kh8 17.Kh1 Rg8 18.Nd4 Qb6 19.Ne6 Be2 20.Be3 Bxf4 21.Rxf4 gxf4 22.Qxg8+ Rxg8
23.Bxb6 f3 24.Bf1 axb6 25.Bxe2 fxe2 26.Re1 Ne5 27.Rxe2 Nf3 28.Rg2 Rxg2 29.Kxg2 Ne1+
30.Kf2 Nxc2 31.Ke2 Kg8 32.a3 Na1 33.b4 Nc2 34.Nd8 Nxa3 35.Nxb7 Nc2 36.b5 Nd4+
37.Ke3 Nxb5 38.Nd8 c5 39.Ne6 Nd6  0-1

[Event "AUT-chT2W 9697"]
[Site "Austria"]
[Date "1996.??.??"]
[Round "5"]
[White "Hager, Franz"]
[Black "Duer, Werner"]
[Result "0-1"]
[WhiteElo "2240"]
[BlackElo "2280"]

1.Nf3 d5 2.g3 c6 3.b3 Bg4 4.Bb2 Nd7 5.Bg2 e6 6.c4 Ngf6 7.O-O Be7 8.d3 O-O
9.Nbd2 a5 10.a3 Qb8 11.Rc1 Rd8 12.h3 Bh5 13.g4 Bg6 14.Rc2 Ne8 15.Qa1 h6 16.Bc3 Bf6
17.Bxf6 Nexf6 18.Ra2 e5 19.cxd5 Nxd5 20.Nh4 Nf4 21.Nc4 Bh7 22.Qc3 Qc7 23.Rd1 Re8
24.Ne3 Nf6 25.Bf1 e4 26.d4 N6d5 27.Nxd5 Nxd5 28.Qc1 e3 29.Bg2 exf2+ 30.Kxf2 Ne3
31.Rg1 Qf4+ 32.Nf3 Be4 33.Rd2 Rad8 34.Qc3 Nd5 35.e3 Qxf3+  0-1

[Event "AUT-chT2S 9697"]
[Site "Austria"]
[Date "1996.??.??"]
[Round "5"]
[White "Kastner, Walter"]
[Black "Zisser, J."]
[Result "1-0"]
[WhiteElo "1885"]
[BlackElo "2295"]

1.Nf3 d5 2.g3 Nf6 3.Bg2 c5 4.O-O Nc6 5.d4 cxd4 6.Nxd4 e5 7.Nxc6 bxc6 8.c4 Bb7
9.Qa4 Qd7 10.Rd1 d4 11.e3 Rd8 12.exd4 exd4 13.Qxa7 Be7 14.Be3 d3 15.Nc3 O-O
16.Bf1 c5 17.Bg2 Bxg2 18.Qxd7 Rxd7 19.Kxg2 Ng4 20.Nd5 Nxe3+ 21.fxe3 Bf6 22.Rab1 Ra7
23.a3 Be5 24.Rxd3 Rb8 25.Nc3 g6 26.Nb5 Re7 27.b3 Rbe8 28.Kf3 Bg7 29.Re1 f5
30.Rd5 Bh6 31.Rd3 Bf8 32.Re2 Bh6 33.a4 Kg7 34.a5 Ra8 35.Ra2 Ra6 36.h3 Bg5
37.Ra4 h5 38.h4 Bh6 39.Nd6 Kf6 40.Nb5 Kg7 41.Ra2 Kf6 42.Rd6+ Rxd6 43.Nxd6 Rxe3+
44.Kg2 f4 45.gxf4 Rxb3 46.a6 Rb8 47.a7  1-0